Monuments en Centre Val de Loire - Statistiques

Statistiques générales
  • Ce quiz a été pris 18 fois
  • Le résultat moyen est 5 sur 20
Statistiques - réponses
Par images Réponse % Correct
Château de Chambord
82%
Château de Chenonceau
76%
Cathédrale de Chartres
65%
Château de Villandry
47%
Hôtel de ville de Tours
47%
Pont Wilson
47%
Cathédrale de Bourges
35%
Statue de Jeanne d'Arc
24%
Pont Georges V
12%
Abbaye de Noirlac
6%
Beffroi de Dreux
6%
Beffroi de Vierzon
6%
Château des Comtes du Perche
6%
Château de Sully
6%
Château royal de Blois
6%
Eglise Notre-Dame de Châteauroux
6%
Forteresse royale de Chinon
6%
Gare de Valençay
6%
Maison de George Sand
6%
Palais Jacques Coeur
6%
Aucun quiz correspondant
Distribution des résultats
% des personnes avec chaque résultat
Percentile par nombre de réponses
Votre historique - résultats
Vous n’avez pas pris ce quiz